| 000 | 00387nam a22001697a 4500 | ||
|---|---|---|---|
| 005 | 20160623100335.0 | ||
| 008 | 160623b xxu||||| |||| 00| 0 eng d | ||
| 020 | _a81-7992-240-5 | ||
| 041 | _aeng | ||
| 082 | _b9068 | ||
| 100 |
_aWagen, Lynn Vander _92547 |
||
| 245 | _aBuilding Quality Service | ||
| 260 |
_bJaico _c2005 |
||
| 300 | _a196 | ||
| 650 |
_aManagement _9241 |
||
| 942 | _cBK | ||
| 999 |
_c3624 _d3623 |
||